Centenario del fallecimiento de: (Registro nro. 6845)
[ vista simple ]
| 000 -LEADER | |
|---|---|
| fixed length control field | 01060nam a2200265 a 4500 |
| 003 - CONTROL NUMBER IDENTIFIER | |
| control field | OSt |
| 005 - DATE AND TIME OF LATEST TRANSACTION | |
| control field | 20200914144239.0 |
| 008 - FIXED-LENGTH DATA ELEMENTS--GENERAL INFORMATION | |
| fixed length control field | 971113s1996 ck a b 000 0 spa |
| 020 ## - INTERNATIONAL STANDARD BOOK NUMBER | |
| International Standard Book Number | 9586162680 (T. Dura) |
| 020 ## - INTERNATIONAL STANDARD BOOK NUMBER | |
| International Standard Book Number | 9586162699 (Rústica) |
| 040 ## - CATALOGING SOURCE | |
| Original cataloging agency | DLC |
| Transcribing agency | CO-JMCR| |
| 041 0# - LANGUAGE CODE | |
| Language code of text/sound track or separate title | spa |
| 082 04 - DEWEY DECIMAL CLASSIFICATION NUMBER | |
| Classification number | 923.4861 / |
| Item number | E969c |
| Edition number | 23 |
| 110 1# - MAIN ENTRY--CORPORATE NAME | |
| Corporate name or jurisdiction name as entry element | Universidad Externado De Colombia |
| 9 (RLIN) | 8197 |
| 245 10 - TITLE STATEMENT | |
| Title | Centenario del fallecimiento de: |
| Remainder of title | Nicolás Pinzón Warlosten / |
| Statement of responsibility, etc. | Universidad Externado de Colombia |
| 246 30 - VARYING FORM OF TITLE | |
| Title proper/short title | Nicolás Pinzón Warlosten |
| 250 ## - EDITION STATEMENT | |
| Edition statement | Primera edición |
| 260 ## - PUBLICATION, DISTRIBUTION, ETC. | |
| Place of publication, distribution, etc. | Bogotá : |
| Name of publisher, distributor, etc. | Universidad Externado de Colombia, |
| Date of publication, distribution, etc. | 1996. |
| 300 ## - PHYSICAL DESCRIPTION | |
| Extent | 253 páginas : |
| Other physical details | ilustraciones a blanco y negro |
| Dimensions | 25 cm. |
| 505 0# - FORMATTED CONTENTS NOTE | |
| Formatted contents note | In memoriam -- Testimonios de sus alumnos y contemporáneos. -- Itinerario de Nicolás Pinzón W. |
| 600 10 - SUBJECT ADDED ENTRY--PERSONAL NAME | |
| Personal name | Pinzón Warlosten, Nicolás, |
| Dates associated with a name | 1859-1895. |
| 9 (RLIN) | 10223 |
| 650 ## - SUBJECT ADDED ENTRY--TOPICAL TERM | |
| Topical term or geographic name entry element | Pinzón Warlosten, Nicolás, |
| General subdivision | Homenajes póstumos |
| Chronological subdivision | 1859-1895 |
| 9 (RLIN) | 10224 |
| 650 ## - SUBJECT ADDED ENTRY--TOPICAL TERM | |
| Topical term or geographic name entry element | Universidad Externado de Colombia |
| General subdivision | Historia |
| 9 (RLIN) | 10225 |
| 942 ## - ADDED ENTRY ELEMENTS (KOHA) | |
| Source of classification or shelving scheme | Dewey Decimal Classification |
| Koha item type | Books |
| Withdrawn status | Lost status | Source of classification or shelving scheme | Damaged status | Not for loan | Home library | Current library | Shelving location | Date acquired | Source of acquisition | Total Checkouts | Full call number | Barcode | Date last seen | Copy number | Price effective from | Koha item type |
|---|---|---|---|---|---|---|---|---|---|---|---|---|---|---|---|---|
| Dewey Decimal Classification | Biblioteca Pública José María del Castillo y Rada | Biblioteca Pública José María del Castillo y Rada | General Stacks | 04/15/2018 | Donación | 923.4861 / E969c | 201809812 | 05/16/2024 | Ej.1 | 04/15/2018 | Books |